Madhyayugīna Bhārata. (Record no. 61678)

MARC details
000 -LEADER
fixed length control field 00643cam a22002411 4500
001 - CONTROL NUMBER
control field sa 65000701
003 - CONTROL NUMBER IDENTIFIER
control field DLC
005 - DATE AND TIME OF LATEST TRANSACTION
control field 20260227112104.0
008 - FIXED-LENGTH DATA ELEMENTS--GENERAL INFORMATION
fixed length control field 890717s1964 ii b b 000 0 hino
010 ## - LIBRARY OF CONGRESS CONTROL NUMBER
LC control number sa 65000701
035 ## - SYSTEM CONTROL NUMBER
System control number (OCoLC)20023909
040 ## - CATALOGING SOURCE
Original cataloging agency DLC
Transcribing agency WaU
Modifying agency DLC
043 ## - GEOGRAPHIC AREA CODE
Geographic area code a-ii---
050 00 - LIBRARY OF CONGRESS CALL NUMBER
Classification number DS452
Item number .S3
100 1# - MAIN ENTRY--PERSONAL NAME
Personal name Saran, Parmatma.
245 10 - TITLE STATEMENT
Title Madhyayugīna Bhārata.
Remainder of title A history of medieval India.
260 ## - PUBLICATION, DISTRIBUTION, ETC.
Date of publication, distribution, etc. [1964]
300 ## - PHYSICAL DESCRIPTION
Extent 15, 737 p.
Other physical details maps.
Dimensions 22 cm.
546 ## - LANGUAGE NOTE
Language note In Hindi.
504 ## - BIBLIOGRAPHY, ETC. NOTE
Bibliography, etc. note Bibliographical footnotes.
651 #0 - SUBJECT ADDED ENTRY--GEOGRAPHIC NAME
Geographic name India
General subdivision History
Chronological subdivision 1000-1526.
651 #0 - SUBJECT ADDED ENTRY--GEOGRAPHIC NAME
Geographic name India
General subdivision History
Chronological subdivision 1526-1765.

No items available.

Powered by Koha